000 00526nam a22001817a 4500
005 20251108173547.0
008 250721s1995 xx 000 0 ara d
082 1 4 _a340/ زعب
100 1 _aالزعبي، خالد
245 1 0 _aالمدخل إلى علم القانون /
246 1 1 _aIntroduction to the science of law Comparatiue study
264 1 _aعمان :
_bالمؤلف،
_c1995.
300 _a367ص.
650 1 7 _aالقانون
700 1 _aالفضل، منذر
942 _2ddc
_cBK
999 _c106845
_d106845